Etsi 7 puuttuvaa Euroopan valtiota - Statistics

Yleistilastot
  • Tätä visaa on pelattu 135 kertaa
  • Keskiarvotulos 6 / 7
Vastaukset kartalla
Vastauksille on annettu kartalla punavihreä väri sen mukaan, kuinka moni on saanut sen oikein.
 
Vastaustilastot
Country % Oikein
Belgia
100%
Espanja
100%
Italia
100%
Kroatia
100%
Puola
100%
Saksa
100%
Serbia
100%
Suomi
100%
Sveitsi
100%
Unkari
100%
Valko-Venäjä
100%
Liettua
95%
Ruotsi
94%
Yhdistynyt kuningaskunta
94%
Ranska
93%
Tšekki
93%
Ukraina
93%
Vatikaanivaltio
92%
Kreikka
91%
Itävalta
90%
Latvia
90%
Venäjä
89%
Viro
89%
Albania
86%
Bosnia ja Hertsegovina
85%
Irlanti
85%
Kosovo
85%
Portugali
85%
Slovakia
85%
Alankomaat
82%
Moldova
82%
Pohjois-Makedonia
82%
Slovenia
82%
Malta
81%
Tanska
78%
Islanti
73%
Montenegro
73%
Bulgaria
71%
San Marino
71%
Monaco
69%
Norja
67%
Luxemburg
64%
Romania
63%
Andorra
60%
Liechtenstein
59%
Ehtoja vastaavia visoja ei löytynyt
Tulosjakauma
Jokaisen tuloksen saaneiden osuus
Persentiili vastausten määrän mukaan
Tuloshistoriasi
Et ole pelannut tätä visaa